| 000 | 00458nam a2200181Ia 4500 | ||
|---|---|---|---|
| 005 | 20250326143727.0 | ||
| 008 | 250326s9999 xx 000 0 und d | ||
| 037 | _aTextbook | ||
| 040 |
_aFMSL _beng _cFMSL |
||
| 041 |
_aeng _2eng |
||
| 084 |
_aX:72 P5 _qFMSL |
||
| 100 |
_aHall R E _9328355 |
||
| 245 | 0 |
_aMacroeocnomics _cHall R E |
|
| 250 | _a6 | ||
| 260 |
_aNY _bNY, W W Norton _c2005 |
||
| 942 |
_cTB _hX:72 P5 |
||
| 999 |
_c1300761 _d1300761 |
||